000
00331nam a22001457a 4500
008
230508b ||||| |||| 00| 0 eng d
020
_a
9781587652363
041
_a
eng
080
_2
VOLUME 1 ,2
_a
94
082
_a
94SUP
100
_a
28
101
_a
HISTORY
245
_a
THE UNITED STATES AT WAR
_c
SUPER.C.J
942
_2
udc
_c
BK
999
_c
59675
_d
59675